000 00399nam a22001457a 4500
020 _a0415167833
082 _a382.3094COM
_b1
100 _aHope,Einar.
245 _aCOMPETITION AND TRADE POLICIES
260 _aLondon and New York
_bBritish Library Cataloguing in Publication
_c1998
300 _axi,:346p.
_b23cm
650 _aTrade Policies
700 _aEinar Hope and Per Maeleng
942 _cBK
999 _c16950
_d16950